| 000 | 00818cam a2200229 a 4500 | ||
|---|---|---|---|
| 001 | 000005719 | ||
| 005 | 20200929151746.0 | ||
| 008 | 811207s1978 ve a b 001 0 spa | ||
| 040 |
_aDO-SdBNP _bspa _cBNPHU |
||
| 082 |
_a972.94 _bN778c |
||
| 100 | 1 |
_aNoguera Mora, Neftalí, _d1918-1970. _916169 |
|
| 245 | 1 | 0 |
_aCielo y suelo de Haití / _cNeftalí Noguera Mora ; prólogo de Pedro Rincón Gutiérrez. |
| 260 |
_aMérida, Venezuela : _bUniversidad de los Andes, _c1978. |
||
| 300 |
_a111 p. : _bil. ; _c23 cm. |
||
| 490 | 1 | _aEdiciones del Rectorado | |
| 504 | _aBibliografía : p. 103 | ||
| 651 | 4 |
_aHaití _xCivilización _916170 |
|
| 651 | 4 |
_aHaití _xHistoria _98418 |
|
| 651 | 4 |
_aHaití _xCondiciones Sociales _912666 |
|
| 700 | 1 |
_aRincón Gutiérrez, Pedro, _eprol. _916171 |
|
| 830 | 0 |
_aEdiciones del Rectorado _916172 |
|
| 999 |
_c5515 _d5515 |
||